|
|
|
|
| LEADER |
04523nam a2200469 i 4500 |
| 001 |
43504 |
| 003 |
BD-DhAAL |
| 005 |
20241006151245.0 |
| 008 |
241006r20242021ii a 000 0 eng d |
| 010 |
|
|
|a 2019018568
|
| 020 |
|
|
|a 9789355320162
|
| 020 |
|
|
|a 9355320167
|
| 020 |
|
|
|a 9781260226409
|
| 020 |
|
|
|a 1260226409
|
| 040 |
|
|
|a DLC
|b eng
|c DLC
|e rda
|d DLC
|d BD-DhAAL
|
| 042 |
|
|
|a pcc
|
| 050 |
0 |
0 |
|a TK454
|b .A452 2021
|
| 082 |
0 |
0 |
|a 621.31924
|2 23
|
| 100 |
1 |
|
|a Alexander, Charles K.,
|e author.
|9 2510
|
| 245 |
1 |
0 |
|a Fundamentals of electric circuits /
|c Charles K. Alexander, Matthew N. O. Sadiku.
|
| 250 |
|
|
|a Seventh edition.
|
| 260 |
|
|
|a Chennai :
|b McGraw-Hill Education (India) ;
|a New York, NY :
|b McGraw-Hill Education,
|c c2021 [third reprinted 2024].
|
| 300 |
|
|
|a xvi, 903 pages :
|b illustrations (some color) ;
|c 27 cm
|
| 500 |
|
|
|a Indian edition.
|
| 526 |
|
|
|a EEE
|x Dr. AKM Abdul Malek Azad
Professor,
Department of Electrical and Electronic Engineering
Course name: Electrical Circuits I (EEE 101)
|
| 541 |
|
|
|a Karim International
|e 43504, 43505, 43506, 43507, 43508, 43509, 43510, 43511, 43512, 43513
|
| 650 |
|
0 |
|a Electric circuits.
|
| 650 |
|
0 |
|a Electrical engineering.
|
| 700 |
1 |
|
|a Sadiku, Matthew N. O.,
|e author.
|
| 852 |
|
|
|a Ayesha Abed Library
|c General Stacks
|
| 942 |
|
|
|2 ddc
|c BK
|
| 999 |
|
|
|c 46982
|d 46982
|
| 952 |
|
|
|0 0
|1 0
|2 ddc
|4 0
|6 621_319240000000000_ALE
|7 0
|9 76660
|a BRACUL
|b BRACUL
|c GEN
|d 2024-10-03
|e Karim International
|g 1700.00
|l 7
|m 55
|o 621.31924 ALE
|p 3010043510
|r 2026-05-21
|s 2026-01-18
|t 7
|v 1700.00
|w 2024-10-03
|y BK
|x Requisitioned by Dr. AKM Abdul Malek Azad for the course named "Electrical Circuits I(EEE 101)".
|
| 952 |
|
|
|0 0
|1 0
|2 ddc
|4 0
|6 621_319240000000000_ALE
|7 0
|9 76661
|a BRACUL
|b BRACUL
|c GEN
|d 2024-10-03
|e Karim International
|g 1700.00
|l 8
|m 41
|o 621.31924 ALE
|p 3010043506
|q 2026-02-10
|r 2026-02-03
|s 2026-02-03
|t 3
|v 1700.00
|w 2024-10-03
|y BK
|x Requisitioned by Dr. AKM Abdul Malek Azad for the course named "Electrical Circuits I(EEE 101)".
|
| 952 |
|
|
|0 0
|1 0
|2 ddc
|4 0
|6 621_319240000000000_ALE
|7 0
|9 76662
|a BRACUL
|b BRACUL
|c GEN
|d 2024-10-03
|e Karim International
|g 1700.00
|l 5
|m 34
|o 621.31924 ALE
|p 3010043505
|q 2026-06-02
|r 2026-03-03
|s 2026-03-03
|t 2
|v 1700.00
|w 2024-10-03
|y BK
|x Requisitioned by Dr. AKM Abdul Malek Azad for the course named "Electrical Circuits I(EEE 101)".
|
| 952 |
|
|
|0 0
|1 0
|2 ddc
|4 0
|6 621_319240000000000_ALE
|7 0
|9 76663
|a BRACUL
|b BRACUL
|c GEN
|d 2024-10-03
|e Karim International
|g 1700.00
|l 7
|m 50
|o 621.31924 ALE
|p 3010043504
|q 2026-06-02
|r 2025-10-19
|s 2025-10-19
|t 1
|v 1700.00
|w 2024-10-03
|y BK
|x Requisitioned by Dr. AKM Abdul Malek Azad for the course named "Electrical Circuits I(EEE 101)".
|
| 952 |
|
|
|0 0
|1 0
|2 ddc
|4 0
|6 621_319240000000000_ALE
|7 0
|9 76664
|a BRACUL
|b BRACUL
|c GEN
|d 2024-10-03
|e Karim International
|g 1700.00
|l 4
|m 44
|o 621.31924 ALE
|p 3010043512
|q 2026-06-02
|r 2026-05-20
|s 2026-05-20
|t 9
|v 1700.00
|w 2024-10-03
|y BK
|x Requisitioned by Dr. AKM Abdul Malek Azad for the course named "Electrical Circuits I(EEE 101)".
|
| 952 |
|
|
|0 0
|1 0
|2 ddc
|4 0
|6 621_319240000000000_ALE
|7 0
|9 76665
|a BRACUL
|b BRACUL
|c GEN
|d 2024-10-03
|e Karim International
|g 1700.00
|l 8
|m 32
|o 621.31924 ALE
|p 3010043508
|q 2026-06-02
|r 2025-11-04
|s 2025-11-04
|t 5
|v 1700.00
|w 2024-10-03
|y BK
|x Requisitioned by Dr. AKM Abdul Malek Azad for the course named "Electrical Circuits I(EEE 101)".
|
| 952 |
|
|
|0 0
|1 0
|2 ddc
|4 0
|6 621_319240000000000_ALE
|7 0
|9 76666
|a BRACUL
|b BRACUL
|c GEN
|d 2024-10-03
|e Karim International
|g 1700.00
|l 8
|m 51
|o 621.31924 ALE
|p 3010043511
|r 2026-05-21
|s 2026-02-05
|t 8
|v 1700.00
|w 2024-10-03
|y BK
|x Requisitioned by Dr. AKM Abdul Malek Azad for the course named "Electrical Circuits I(EEE 101)".
|
| 952 |
|
|
|0 0
|1 0
|2 ddc
|4 0
|6 621_319240000000000_ALE
|7 0
|9 76667
|a BRACUL
|b BRACUL
|c CIR
|d 2024-10-03
|e Karim International
|g 1700.00
|l 1
|o 621.31924 ALE
|p 3010043513
|r 2024-11-28
|s 2024-11-19
|t 10
|v 1700.00
|w 2024-10-03
|y 1HOUR
|x Requisitioned by Dr. AKM Abdul Malek Azad for the course named "Electrical Circuits I(EEE 101)".
|
| 952 |
|
|
|0 0
|1 0
|2 ddc
|4 0
|6 621_319240000000000_ALE
|7 0
|9 76668
|a BRACUL
|b BRACUL
|c GEN
|d 2024-10-03
|e Karim International
|g 1700.00
|l 13
|m 55
|o 621.31924 ALE
|p 3010043507
|q 2026-06-02
|r 2026-02-02
|s 2026-02-02
|t 4
|v 1700.00
|w 2024-10-03
|y BK
|x Requisitioned by Dr. AKM Abdul Malek Azad for the course named "Electrical Circuits I(EEE 101)".
|
| 952 |
|
|
|0 0
|1 0
|2 ddc
|4 0
|6 621_319240000000000_ALE
|7 0
|9 76669
|a BRACUL
|b BRACUL
|c GEN
|d 2024-10-03
|e Karim International
|g 1700.00
|l 4
|m 53
|o 621.31924 ALE
|p 3010043509
|q 2026-08-23
|r 2025-12-24
|s 2025-12-24
|t 6
|v 1700.00
|w 2024-10-03
|y BK
|x Requisitioned by Dr. AKM Abdul Malek Azad for the course named "Electrical Circuits I(EEE 101)".
|